10 najlepszych czeskich zespołów w tabeli wszechczasów - Statystyki

Ogólne statystyki
  • Ten quiz został rozwiązany 30 razy
  • Średni wynik to 5 z 10
Statystyki odpowiedzi
L.P Odpowiedź Punkty % Poprawnych
1. Sparta Praga 2163
100%
2. Slavia Praga 1973
97%
4. Viktoria Pilzno 1457
79%
6. Banik Ostrawa 1372
72%
5. Sigma Ołomuniec 1378
59%
3. Slovan Liberec 1492
38%
10. FK Mlada Boleslav 914
28%
7. FK Jabonec 1357
17%
8. FK Teplice 1166
17%
9. Zbrojovka Brno 1013
14%
Nie znaleziono quizów pasujących do podanych kryteriów
Rozkład punktacji
Procent ludzi z każdym wynikiem
Percentyl według liczby udzielonych odpowiedzi
Twoja historia wyników
Nie rozwiązałeś tego quizu